Juran's quality essentials : (Record no. 89908)

MARC details
000 -LEADER
fixed length control field 02252nam a22002537a 4500
005 - DATE AND TIME OF LATEST TRANSACTION
control field 20141112122553.0
010 ## - LCCN (DPL NO)
LC control number ENG-111168
020 ## - INTERNATIONAL STANDARD BOOK NUMBER
International Standard Book Number 9789339214333
Terms of availability 475.00
020 ## - INTERNATIONAL STANDARD BOOK NUMBER
International Standard Book Number 9339214331
Terms of availability 475.00
035 ## - SYSTEM CONTROL NUMBER
System control number EN-94700
037 ## - SOURCE OF ACQUISITION
Source of stock number/acquisition DBAD/PUB
082 ## - DEWEY DECIMAL CLASSIFICATION NUMBER
Classification number 658.4013
100 ## - MAIN ENTRY--PERSONAL NAME
Personal name DeFeo, Joseph A.
245 ## - TITLE STATEMENT
Title Juran's quality essentials :
Statement of responsibility, etc by Joseph A. Defeo [and] Joseph M. Juran
Remainder of title for leaders /
260 ## - PUBLICATION, DISTRIBUTION, ETC. (IMPRINT)
Place of publication, distribution, etc New Delhi
Name of publisher, distributor, etc McGraw Hill Education
Date of publication, distribution, etc 2014
270 ## - ADDRESS
Address P-24, Green Park Extension
City New Delhi
Postal code 110016
300 ## - PHYSICAL DESCRIPTION
Extent xx, 280p. :
Dimensions 24cm(pbk)
Other physical details ill.
500 ## - GENERAL NOTE
General note Includes bibliographical references and index.
520 ## - SUMMARY, ETC.
Summary, etc "Dr. Juran’s life work on quality--boiled down to a concise guide to creating a strong, successful, globally competitive enterprise Dr. Joseph Juran was a true visionary in the field of quality, and his words continue to inspire. One of his main mantras was "Take care of the quality, and the rest will take care of itself." This work is devoted to just that--taking care of the quality. In it, the Juran Institute team presents the leadership values, beliefs, and actions of top companies, and identifies the strategies that have resulted in measurable success. Juran’s Quality Essentials offers succinct, field-tested methods applicable to any industry, from service to manufacturing, and includes realistic timetables of implementation. This unique resource describes three universal quality management methods: 1. designing innovative products and services; 2. creating breakthroughs in current performance; and 3. assuring repeatable and compliant processes. Reveals how to align quality goals and methods to a company’s strategic plan Provides a transformation model and roadmap Demonstrates how executive leadership is the key to a company’s quality revolution--and how to make quality happen. Filled with insider tips for staying adaptable and using a benchmark to sustain performance Shows how to apply planning, control, and improvement to quality leadership for competitive advantage "-- |c Provided by publisher.
650 ## - SUBJECT ADDED ENTRY--TOPICAL TERM
Topical term or geographic name as entry element Quality control
General subdivision Management.
650 ## - SUBJECT ADDED ENTRY--TOPICAL TERM
Topical term or geographic name as entry element Total quality management
700 ## - ADDED ENTRY--PERSONAL NAME
Personal name Juran, Joseph M.
942 ## - ADDED ENTRY ELEMENTS (KOHA)
Source of classification or shelving scheme Dewey Decimal Classification
Item type English Books
Call number suffix DEF
Classification part 658.4013
Holdings
Withdrawn status Lost status Not for loan Collection code Home library Current library Date acquired Source of acquisition Cost, normal purchase price Full call number Barcode Copy number Cost, replacement price Koha item type
    Not For Loan Non-fiction D.B.Act.Division D.B.Act.Division 11/11/2014 DBAD/PUB 475.00 658.4013 DEF EN-94700 1 475.00 English Books

© Delhi Public Library
Hit Counter
free hit counter